Spadkowicze Ekstraklasy od sezonu 2015/16 - Statystyki

Ogólne statystyki
  • Ten quiz został rozwiązany 807 razy
    741 od ostatniego zresetowania
  • Średni wynik to 19 z 24
Statystyki odpowiedzi
Sezon Klub % Poprawnych
24/25 Śląsk Wrocław
96%
21/22 Wisła Kraków
93%
19/20 Arka Gdynia
92%
24/25 Stal Mielec
90%
24/25 Puszcza Niepołomice
89%
22/23 Lechia Gdańsk
88%
23/24 Ruch Chorzów
88%
16/17 Ruch Chorzów
88%
21/22 Bruk-Bet Termalica
85%
17/18 Bruk-Bet Termalica
85%
23/24 ŁKS Łódź
84%
19/20 ŁKS Łódź
84%
22/23 Wisła Płock
82%
23/24 Warta Poznań
79%
18/19 Zagłębie Sosnowiec
75%
22/23 Miedź Legnica
71%
18/19 Miedź Legnica
71%
19/20 Korona Kielce
65%
20/21 Podbeskidzie Bielsko-Biała
63%
15/16 Podbeskidzie Bielsko-Biała
63%
21/22 Górnik Łęczna
62%
16/17 Górnik Łęczna
62%
15/16 Górnik Zabrze
51%
17/18 Sandecja Nowy Sącz
48%
Nie znaleziono quizów pasujących do podanych kryteriów
Rozkład punktacji
Procent ludzi z każdym wynikiem
Percentyl według liczby udzielonych odpowiedzi
Twoja historia wyników
Nie rozwiązałeś tego quizu od ostatniego zresetowania